<?xml version="1.0" encoding="UTF-8"?>
<record
    xmlns:xsi="http://www.w3.org/2001/XMLSchema-instance"
    xsi:schemaLocation="http://www.loc.gov/MARC21/slim http://www.loc.gov/standards/marcxml/schema/MARC21slim.xsd"
    xmlns="http://www.loc.gov/MARC21/slim">

  <leader>01249nam2a2200241   4500</leader>
  <controlfield tag="001">rc\3017150</controlfield>
  <controlfield tag="005">20260315064500.0</controlfield>
  <datafield tag="035" ind1=" " ind2=" ">
    <subfield code="a">(NLR Aleph) 007159392</subfield>
  </datafield>
  <datafield tag="090" ind1=" " ind2=" ">
    <subfield code="a">13618514</subfield>
    <subfield code="c">13618514</subfield>
  </datafield>
  <datafield tag="100" ind1=" " ind2=" ">
    <subfield code="a">20110926d1944    u  y0rusy50      ca</subfield>
  </datafield>
  <datafield tag="101" ind1="0" ind2=" ">
    <subfield code="a">rus</subfield>
  </datafield>
  <datafield tag="102" ind1=" " ind2=" ">
    <subfield code="a">RU</subfield>
  </datafield>
  <datafield tag="105" ind1=" " ind2=" ">
    <subfield code="a">y   z   |||||</subfield>
  </datafield>
  <datafield tag="200" ind1="1" ind2=" ">
    <subfield code="a">&#x417;&#x430; 1943 &#x433;&#x43E;&#x434;</subfield>
  </datafield>
  <datafield tag="210" ind1=" " ind2=" ">
    <subfield code="d">1944</subfield>
  </datafield>
  <datafield tag="215" ind1=" " ind2=" ">
    <subfield code="a">44 &#x441;.</subfield>
  </datafield>
  <datafield tag="461" ind1=" " ind2="0">
    <subfield code="1">001rc\3017149</subfield>
    <subfield code="1">2001#$a&#x420;&#x430;&#x431;&#x43E;&#x447;&#x430;&#x44F; &#x445;&#x440;&#x43E;&#x43D;&#x438;&#x43A;&#x430; &#x418;&#x43D;&#x441;&#x442;&#x438;&#x442;&#x443;&#x442;&#x430; &#x432;&#x43E;&#x441;&#x442;&#x43E;&#x43A;&#x43E;&#x432;&#x435;&#x434;&#x435;&#x43D;&#x438;&#x44F; ...$e1-$f&#x420;&#x435;&#x434;.: &#x430;&#x43A;&#x430;&#x434;. &#x412;.&#x412;. &#x421;&#x442;&#x440;&#x443;&#x432;&#x435;, &#x434;-&#x440; &#x438;&#x441;&#x442;. &#x43D;&#x430;&#x443;&#x43A; &#x42F;.&#x411;. &#x420;&#x430;&#x434;&#x443;&#x43B;&#x44C;-&#x417;&#x430;&#x442;&#x443;&#x43B;&#x43E;&#x432;&#x441;&#x43A;&#x438;&#x439; &#x438; &#x43A;&#x430;&#x43D;&#x434;. &#x442;&#x435;&#x445;&#x43D;. &#x43D;&#x430;&#x443;&#x43A; &#x414;.&#x418;. &#x422;&#x438;&#x445;&#x43E;&#x43D;&#x43E;&#x432;$g&#x410;&#x43A;&#x430;&#x434;. &#x43D;&#x430;&#x443;&#x43A; &#x421;&#x43E;&#x44E;&#x437;&#x430; &#x421;&#x421;&#x420;. &#x418;&#x43D;-&#x442; &#x432;&#x43E;&#x441;&#x442;&#x43E;&#x43A;&#x43E;&#x432;&#x435;&#x434;&#x435;&#x43D;&#x438;&#x44F;$v1</subfield>
    <subfield code="9">7233467</subfield>
    <subfield code="a">&#x418;&#x43D;&#x441;&#x442;&#x438;&#x442;&#x443;&#x442; &#x432;&#x43E;&#x441;&#x442;&#x43E;&#x43A;&#x43E;&#x432;&#x435;&#x434;&#x435;&#x43D;&#x438;&#x44F; (&#x41B;&#x435;&#x43D;&#x438;&#x43D;&#x433;&#x440;&#x430;&#x434;)</subfield>
    <subfield code="c">&#x422;&#x430;&#x448;&#x43A;&#x435;&#x43D;&#x442;</subfield>
    <subfield code="d">1944</subfield>
    <subfield code="f">&#x420;&#x435;&#x434;.: &#x430;&#x43A;&#x430;&#x434;. &#x412;.&#x412;. &#x421;&#x442;&#x440;&#x443;&#x432;&#x435;, &#x434;-&#x440; &#x438;&#x441;&#x442;. &#x43D;&#x430;&#x443;&#x43A; &#x42F;.&#x411;. &#x420;&#x430;&#x434;&#x443;&#x43B;&#x44C;-&#x417;&#x430;&#x442;&#x443;&#x43B;&#x43E;&#x432;&#x441;&#x43A;&#x438;&#x439; &#x438; &#x43A;&#x430;&#x43D;&#x434;. &#x442;&#x435;&#x445;&#x43D;. &#x43D;&#x430;&#x443;&#x43A; &#x414;.&#x418;. &#x422;&#x438;&#x445;&#x43E;&#x43D;&#x43E;&#x432;</subfield>
    <subfield code="n">&#x411;. &#x438;.</subfield>
    <subfield code="o">1-</subfield>
    <subfield code="t">&#x420;&#x430;&#x431;&#x43E;&#x447;&#x430;&#x44F; &#x445;&#x440;&#x43E;&#x43D;&#x438;&#x43A;&#x430; &#x418;&#x43D;&#x441;&#x442;&#x438;&#x442;&#x443;&#x442;&#x430; &#x432;&#x43E;&#x441;&#x442;&#x43E;&#x43A;&#x43E;&#x432;&#x435;&#x434;&#x435;&#x43D;&#x438;&#x44F; ...</subfield>
    <subfield code="v">1</subfield>
  </datafield>
  <datafield tag="801" ind1=" " ind2="0">
    <subfield code="a">RU</subfield>
    <subfield code="b">NLR</subfield>
    <subfield code="g">psbo</subfield>
  </datafield>
  <datafield tag="801" ind1=" " ind2="1">
    <subfield code="a">RU</subfield>
    <subfield code="b">ELAR</subfield>
    <subfield code="2">rusmarc</subfield>
  </datafield>
  <datafield tag="852" ind1=" " ind2=" ">
    <subfield code="a">NLR</subfield>
    <subfield code="j">&#x418;10 &#x413;-8/3(1)</subfield>
  </datafield>
  <datafield tag="852" ind1=" " ind2=" ">
    <subfield code="a">NLR</subfield>
    <subfield code="j">&#x41A;&#x420;II/32</subfield>
  </datafield>
  <datafield tag="942" ind1=" " ind2=" ">
    <subfield code="c">UNSPEC</subfield>
  </datafield>
  <datafield tag="980" ind1=" " ind2=" ">
    <subfield code="a">NB</subfield>
  </datafield>
</record>
